| 000 | 00000nam##2200000za#4500 |
| 001 | 9.662937 |
| 003 | CaOODSP |
| 005 | 20240527135428 |
| 007 | ta |
| 008 | 150407|2001||||xxc||||| f|0| 0 eng|d |
| 020 | |a0-660-61641-6 |
| 040 | |aCaOODSP|beng |
| 041 | |aeng |
| 041 | |afre |
| 043 | |an-cn--- |
| 086 | 1 |aCW66-203/2001 |
| 110 | 2 |aCanadian Wildlife Service. |
| 245 | 10|aCITES identification guide -- sturgeons and paddlefish |
| 260 | |aOttawa - Ontario : |bEnvironment Canada. |c2001. |
| 300 | |a151p. In various pagings. ; |c28 cm. |
| 500 | |anull |
| 546 | |aText in English, French and Spanish |
| 563 | |aSpiral binding |
| 590 | |a01-41|b2001-10-12 |
| 776 | 0#|tGuide d'identification CITES - esturgeons et spatules |w(CaOODSP)9.675336 |
| 792 | |tGuide d'identification CITES - esturgeons et spatules |efre|w(CaOODSP)9.662938 |